МАРК-запис
| 000 -Лідер |
| fixed length control field |
03805nam a22003377a 4500 |
| 003 - Ідентифікатор контрольного номера |
| control field |
UA-OsUOA |
| 001 - Контрольний номер |
| control field |
68524 |
| 007 - Фіксоване поле фізичного опису |
| fixed length control field |
ta |
| 008 - Елементи даних фіксованої довжини – загальна інформація |
| fixed length control field |
20100429b un ||||| |||| 00| 0 ukr d |
| 090 ## - Локальний шифр розміщення |
| Класифікаційний індекс УДК |
94(477.83/86) |
| Авторський знак (НП) |
З-40 |
| 040 ## - Джерело каталогізації |
| Агенція оригінальної каталогізації |
UA-OsUOA |
| Мова каталогізації |
ukr |
| Агенція, яка здійснювала перезапис |
UA-OsUOA |
| Агенція, яка здійснювала модифікацію |
UA-OsUOA |
| 041 ## - Код мови |
| Код мови тексту/ звукової доріжки чи окремого заголовка (П) |
ukr |
| 080 ## - Індекс Універсальної десяткової класифікації |
| Індекс Універсальної десяткової класифікації (УДК) (НП) |
94(477.83/86) |
| 020 ## - Міжнародний стандартний книжковий номер (ISBN) |
| Міжнародний стандартний книжковий номер (ISBN) (НП) |
966-8978-01-3 |
| 100 ## - Основне введення – ім’я особи |
| Ім’я особи (НП) |
Заярнюк А. |
| 245 ## - Відомості про назву |
| Назва (НП) |
Ідіоми емансипації: "Визвольні" проєкти і галицьке село у середині ХІХ століття |
| Решта назви (НП) |
монографія |
| 260 ## - Публікація, розповсюдження і т.п. (Вихідні дані) |
| Місце публікації, розповсюдження і т.п. (П) |
К. |
| Ім’я/ наймення видавництва, розповсюджувача і т.п. (П) |
Критика |
| Дата публікації, розповсюдження і т.п. (П) |
2007 |
| 300 ## - Фізичний опис |
| Обсяг |
335 с. |
| 520 3# - Резюме і т.п. |
| Резюме, реферат, анотація, тощо (НП) |
Монографія львівського історика Андрія Заярнюка написана в жанрі соціяльної історії і розповідає про східногалицьких селян середини ХІХ ст.- часу, коли вони переживали радикальну трансформацію. Глобальні зрушення в Австрійській імперії, повязані з рев |
| 520 3# - Резюме і т.п. |
| Резюме, реферат, анотація, тощо (НП) |
олюцією 1848 р., конституційними й ліберальними реформами 1860-х рр., змінили правовий статус селян, уможливили їхню участь у політичному житті, надали їм певних свобод, змінили правовий статус землеволодіння і вплинули на економічну діяльність. Більш |
| 520 3# - Резюме і т.п. |
| Резюме, реферат, анотація, тощо (НП) |
е за те, середина ХІХ ст. була епохою, коли селяни зіткнулися з національними рухами і проєктами.В книжці досліджено, як відбувалась реальна емансипація у Східній Галичині і як вона змінювала соціяльні практики, що стосувалися галицьких селян. Але ц |
| 520 3# - Резюме і т.п. |
| Резюме, реферат, анотація, тощо (НП) |
і практики неможливо ні зрозуміти, ні пояснити, не врахувавши мови процесу емансипації - певних формул, що ними послуговувалися для обгрунтування змін і для пояснень чинних практик та підставових уявлень, з яких ці формули поставали.ЗМІСТ П |
| 520 3# - Резюме і т.п. |
| Резюме, реферат, анотація, тощо (НП) |
одяки Вступ Розділ перший 1846 рік: забута революція Історія Юзефа Боберського Історія Василя Височанського Таємна зустріч У домі священика Напад на центр округу Справа з Маткова Інтерпретація Р |
| 520 3# - Резюме і т.п. |
| Резюме, реферат, анотація, тощо (НП) |
озділ другий 1848 рік: по той бік «Весни народів» Національне Спадок абсолютизму Соціяльне Участь і дії селян Самбірські русини Розділ третій Ігри власности Проблема висвітлення сервітутного |
| 520 3# - Резюме і т.п. |
| Резюме, реферат, анотація, тощо (НП) |
питання Справа з Білини Великої Справа з Лановичів Випадок Морозовичів Випадок Недільної Справа сервітутів на форумі Галицького Сойму Сервітути і руські активісти Висновки Джерела та література П |
| 520 3# - Резюме і т.п. |
| Резюме, реферат, анотація, тощо (НП) |
римітки Покажчик |
| 650 #7 - Додаткове предметне введення – тематичний термін |
| Тематичний термін чи географічна назва, як елемент введення (НП) |
9 Географія. Біографії. Історія |
| Джерело заголовка чи терміна |
UDC |
| 942 ## - Додаткові елементи входу (Коха) |
| Тип елемента Koha |
Книги |
| 955 ## - Код типу видання за змістом |
| Код типу видання за змістом (НП) |
Наукові видання |